Kluby Ekstraklasy sezon 23/24 - Statystyki

Ogólne statystyki
  • Ten quiz został rozwiązany 301 razy
  • Średni wynik to 14 z 18
Statystyki odpowiedzi
Hint Odpowiedź % Poprawnych
5. Legia Warszawa
98%
3. Lech Poznań
97%
1. Jagiellonia Białystok
94%
2. Śląsk Wrocław
90%
18. ŁKS Łódź
86%
7. Pogoń Szczecin
81%
17. Ruch Chorzów
80%
6. Raków Częstochowa
77%
8. Widzew Łódź
77%
4. Górnik Zabrze
75%
15. Puszcza Niepołomice
75%
16. Korona Kielce
73%
13. Cracovia
69%
12. Warta Poznań
67%
14. Radomiak Radom
57%
11. Zagłębie Lubin
55%
9. Piast Gliwice
54%
10. Stal Mielec
54%
Nie znaleziono quizów pasujących do podanych kryteriów
Rozkład punktacji
Procent ludzi z każdym wynikiem
Percentyl według liczby udzielonych odpowiedzi
Twoja historia wyników
Nie rozwiązałeś tego quizu